| 000 | 00543nam a2200205 a 4500 | ||
|---|---|---|---|
| 001 | 1418254 | ||
| 005 | 20180112040042.0 | ||
| 008 | 850322s1980 enka 001 0 eng | ||
| 010 | _a 83218474 | ||
| 020 |
_a0714821225 : _c£15.00 |
||
| 040 |
_aDLC _cDLC _dDLC |
||
| 041 | _aeng | ||
| 080 | _a759 | ||
| 082 | 0 | 0 |
_a759 JAN _219 |
| 100 | _a44 | ||
| 101 | _aART | ||
| 245 | 0 | 0 |
_aTechniques of the world's great painters / _cconsultant editor, Waldemar Januszczak. |
| 906 |
_a7 _bcbc _corignew _d3 _encip _f19 _gy-gencatlg |
||
| 942 |
_2ddc _cBK |
||
| 999 |
_c40165 _d40165 |
||